[Event "Canary Islands-chT"]
[Site "Tenerife"]
[Date "2025.06.15"]
[Round "6.3"]
[White "Natalicchio Escalante, Nicolas"]
[Black "Meneses Gonzalez, Kevin Moises"]
[Result "1-0"]
[WhiteElo "2134"]
[BlackElo "2314"]
[PlyCount "83"]
[EventDate "2025.06.12"]
[EventType "team-swiss"]
[EventRounds "6"]
[EventCountry "ESP"]
[SourceTitle "CB25_2025"]
[SourceDate "2025.06.18"]
[SourceVersion "1"]
[SourceVersionDate "2025.06.18"]
[SourceQuality "1"]
[WhiteTeam "Guia"]
[BlackTeam "Ebano Barrio Nuevo"]
[WhiteTeamCountry "ESP"]
[BlackTeamCountry "ESP"]

1. d4 Nf6 2. c4 g6 3. Nc3 Bg7 4. e4 d6 5. f4 c5 6. d5 e6 7. dxe6 Bxe6 8. Nf3 0-0 9. Bd3 Bg4 10. h3 Bxf3 11. Qxf3 Nc6 12. 0-0 Nd4 13. Qf2 Re8 14. Be3 a6 15. Rae1 b5 16. Bxd4 cxd4 17. Nd5 Nxd5 18. cxd5 Rc8 19. Rc1 Rc5 20. Rc2 Qb6 21. Rfc1 Rec8 22. b4 R5c7 23. Rxc7 Rxc7 24. Rxc7 Qxc7 25. Qc2 Qd8 26. g3 g5 27. f5 h5 28. Qc6 Qe7 29. Qc8+ Bf8 30. Qc2 h4 31. g4 Kg7 32. Qf2 Qf6 33. Kf1 Be7 34. Kg1 Kh6 35. Qh2 Bf8 36. Kf1 Bg7 37. Ke1 Qe7 38. Kd1 Be5 39. Qf2 Qf6 40. Qc2 Bg3 41. Qc8 Qe7 42. Qh8# 1-0

[Event "Tenerife-chT Preferente"]
[Site "Tenerife"]
[Date "2025.02.01"]
[Round "7.3"]
[White "Meneses Gonzalez, Kevin Moises"]
[Black "Martin Rodriguez, Pablo"]
[Result "1-0"]
[WhiteElo "2273"]
[BlackElo "2005"]
[PlyCount "67"]
[EventDate "2024.11.09"]
[EventType "team-tourn"]
[EventRounds "14"]
[EventCountry "ESP"]
[SourceTitle "CB14_2025"]
[SourceDate "2024.11.01"]
[SourceVersion "1"]
[SourceVersionDate "2024.11.01"]
[SourceQuality "1"]
[WhiteTeam "Ebano Barrio Nuevo"]
[BlackTeam "Canarias 64"]
[WhiteTeamCountry "ESP"]
[BlackTeamCountry "ESP"]

1. Nf3 d5 2. g3 Nf6 3. Bg2 e6 4. 0-0 Bd6 5. d3 0-0 6. Nbd2 c5 7. e4 Nc6 8. Re1 Qc7 9. c3 Rd8 10. Qe2 Bf8 11. e5 Nd7 12. Nf1 h6 13. h4 b5 14. g4 g6 15. Bf4 Bg7 16. Qd2 Kh7 17. d4 a5 18. Ng3 a4 19. Rac1 Na5 20. Qd3 Kg8 21. h5 g5 22. Nxg5 hxg5 23. Bxg5 Ba6 24. h6 b4 25. Qb1 Bh8 26. h7+ Kf8 27. cxb4 Nc6 28. Nf5 exf5 29. Bh6+ Ke8 30. e6 Nxd4 31. exd7+ Kxd7 32. Rxc5 Qxc5 33. bxc5 Re8 34. Be3 1-0

[Event "ESP-ch 89th"]
[Site "Marbella"]
[Date "2024.12.18"]
[Round "8"]
[White "Tejedor Fuente, Enrique"]
[Black "Meneses Gonzalez, Kevin Moises"]
[Result "1-0"]
[WhiteElo "2408"]
[BlackElo "2276"]
[PlyCount "121"]
[EventDate "2024.12.11"]
[EventType "swiss"]
[EventRounds "9"]
[EventCountry "ESP"]
[SourceTitle "CB52_2024"]
[SourceDate "2024.12.25"]
[SourceVersion "1"]
[SourceVersionDate "2024.12.25"]
[SourceQuality "1"]

1. d4 Nf6 2. c4 d6 3. Nc3 e5 4. Nf3 Nbd7 5. e4 g6 6. g3 Bg7 7. Bg2 0-0 8. 0-0 exd4 9. Nxd4 Re8 10. h3 Nc5 11. Re1 a5 12. Qc2 Bd7 13. Be3 Qc8 14. Kh2 Re5 15. f3 Rh5 16. h4 c6 17. Nde2 Ne8 18. Nf4 Re5 19. Bd4 Re7 20. Bxg7 Kxg7 21. Rad1 Qd8 22. Qf2 Re5 23. Rd2 Qe7 24. Red1 f5 25. exf5 Bxf5 26. Bh3 Bxh3 27. Kxh3 Rd8 28. Kg2 Nf6 29. Qd4 Kg8 30. Qf2 Ne8 31. Nfe2 Ng7 32. Nd4 Re8 33. Re2 Rxe2 34. Ncxe2 Nge6 35. Nxe6 Qxe6 36. Nf4 Qe5 37. Qd2 Ne6 38. Nd3 Qd4 39. b3 d5 40. Qxa5 dxc4 41. Nf2 Qc5 42. Qc3 cxb3 43. Qxb3 b5 44. Ne4 Qe5 45. Rd6 Kh8 46. Qe3 c5 47. Rd7 Nf8 48. Rf7 Kg8 49. Rb7 c4 50. h5 Qb2+ 51. Kh3 Qa1 52. Rxb5 Nd7 53. g4 c3 54. Kg3 c2 55. Qb3+ Kh8 56. Qxc2 Ne5 57. hxg6 Qe1+ 58. Qf2 Nxf3 59. Qxe1 Nxe1 60. Nf6 Re6 61. Rb8+ 1-0

[Event "ESP-ch 89th"]
[Site "Marbella"]
[Date "2024.12.17"]
[Round "7"]
[White "Meneses Gonzalez, Kevin Moises"]
[Black "Gines Esteo, Pedro Antonio"]
[Result "0-1"]
[WhiteElo "2276"]
[BlackElo "2473"]
[PlyCount "64"]
[EventDate "2024.12.11"]
[EventType "swiss"]
[EventRounds "9"]
[EventCountry "ESP"]
[SourceTitle "CB52_2024"]
[SourceDate "2024.12.25"]
[SourceVersion "1"]
[SourceVersionDate "2024.12.25"]
[SourceQuality "1"]

1. Nf3 d5 2. g3 Nc6 3. Bg2 e5 4. d3 Be6 5. Ng5 Bg4 6. c4 Bb4+ 7. Nc3 d4 8. Qa4 Bd7 9. 0-0 Be7 10. Nd5 Nb4 11. Qb3 Nxd5 12. Nxf7 Kxf7 13. Bxd5+ Ke8 14. Qxb7 Rb8 15. Qxa7 Nf6 16. Bg2 Bg4 17. e3 Kf7 18. f3 Ra8 19. Qb7 Rb8 20. Qa7 Be6 21. f4 exf4 22. gxf4 dxe3 23. f5 Bd7 24. Qxe3 Re8 25. d4 c5 26. dxc5 Qa5 27. Kh1 Bxc5 28. Qg3 Ne4 29. Qd3 Bc6 30. Be3 Rxb2 31. f6 Ng3+ 32. hxg3 Bxg2+ 0-1

[Event "ESP-ch 89th"]
[Site "Marbella"]
[Date "2024.12.14"]
[Round "4"]
[White "Perea Fruet, Lorenzo"]
[Black "Meneses Gonzalez, Kevin Moises"]
[Result "0-1"]
[WhiteElo "2384"]
[BlackElo "2276"]
[PlyCount "118"]
[EventDate "2024.12.11"]
[EventType "swiss"]
[EventRounds "9"]
[EventCountry "ESP"]
[SourceTitle "CB52_2024"]
[SourceDate "2024.12.25"]
[SourceVersion "1"]
[SourceVersionDate "2024.12.25"]
[SourceQuality "1"]

1. e4 c5 2. Nf3 e6 3. b3 Nc6 4. Bb2 d6 5. d4 cxd4 6. Nxd4 Nf6 7. Nxc6 bxc6 8. Bd3 e5 9. 0-0 Be7 10. Nd2 0-0 11. Qe2 Be6 12. Kh1 Nd7 13. c4 a5 14. a3 Rb8 15. Bc3 Nc5 16. Bc2 Bd7 17. g3 Ne6 18. Nf3 c5 19. Qd2 Ra8 20. Ne1 Nd4 21. Bxd4 exd4 22. Kg1 Bc6 23. Qd3 g6 24. Ng2 Bg5 25. h4 Bh6 26. a4 Ra7 27. g4 Re7 28. Rae1 Rfe8 29. f3 f6 30. Kh1 Qb6 31. Kg1 Qb4 32. Rd1 Re5 33. Bb1 f5 34. exf5 Be3+ 35. Kh2 gxf5 36. Nxe3 dxe3 37. gxf5 e2 38. Rg1+ Kf7 39. Rde1 Re3 40. Qxd6 Qb8 41. Qxb8 Rxb8 42. Bc2 Rd8 43. f6 Bxf3 44. Kg3 Bh5+ 45. Kf4 Rf3+ 46. Ke5 Rxf6 47. Bxh7 Rd1 48. Bf5 Rfd6 49. Rxe2 Bxe2 50. Rg2 Bh5 51. Rg5 Rh6 52. Bc8 Bg6 53. Bg4 Rd8 54. h5 Bc2 55. Bf3 Re6+ 56. Kf4 Rf6+ 57. Kg3 Rd3 58. Rxc5 Rdxf3+ 59. Kg2 Be4 0-1

[Event "ESP-ch 89th"]
[Site "Marbella"]
[Date "2024.12.13"]
[Round "3"]
[White "Meneses Gonzalez, Kevin Moises"]
[Black "Villar Piriz, Adrian"]
[Result "1-0"]
[WhiteElo "2276"]
[BlackElo "2069"]
[PlyCount "81"]
[EventDate "2024.12.11"]
[EventType "swiss"]
[EventRounds "9"]
[EventCountry "ESP"]
[SourceTitle "CB52_2024"]
[SourceDate "2024.12.25"]
[SourceVersion "1"]
[SourceVersionDate "2024.12.25"]
[SourceQuality "1"]

1. Nf3 c5 2. g3 g6 3. Bg2 Bg7 4. e4 Nc6 5. 0-0 d6 6. c3 Nf6 7. Re1 0-0 8. d4 cxd4 9. cxd4 Bg4 10. Nc3 Qb6 11. Na4 Qb4 12. d5 Ne5 13. Nc3 Rac8 14. a3 Qa5 15. Qe2 Bxf3 16. Bxf3 Rxc3 17. bxc3 Qxc3 18. Be3 Nxf3+ 19. Qxf3 Qd3 20. Qd1 Qxe4 21. Bxa7 Qxd5 22. Rxe7 Ra8 23. Bd4 b5 24. Bb2 Qxd1+ 25. Rxd1 Nd5 26. Re2 Nc3 27. Bxc3 Bxc3 28. Rd5 b4 29. axb4 Bxb4 30. Rb5 Bc5 31. Rb7 Bd4 32. Kg2 g5 33. Ree7 f5 34. Rf7 f4 35. gxf4 gxf4 36. Rxf4 Be5 37. Rg4+ Kh8 38. h4 d5 39. Rg5 Bf6 40. Rxd5 Ra4 41. Rf5 1-0

[Event "ESP-ch 89th"]
[Site "Marbella"]
[Date "2024.12.12"]
[Round "2"]
[White "Plazuelo Pascual, Juan"]
[Black "Meneses Gonzalez, Kevin Moises"]
[Result "1-0"]
[WhiteElo "2429"]
[BlackElo "2276"]
[PlyCount "87"]
[EventDate "2024.12.11"]
[EventType "swiss"]
[EventRounds "9"]
[EventCountry "ESP"]
[SourceTitle "CB52_2024"]
[SourceDate "2024.12.25"]
[SourceVersion "1"]
[SourceVersionDate "2024.12.25"]
[SourceQuality "1"]

1. d4 Nf6 2. c4 d6 3. Nc3 e5 4. Nf3 Nbd7 5. Qc2 Be7 6. e4 0-0 7. Be2 c6 8. 0-0 Re8 9. Rd1 Qc7 10. h3 Bf8 11. Be3 g6 12. d5 cxd5 13. cxd5 a6 14. a4 Nc5 15. Nd2 Bd7 16. a5 Rac8 17. Nc4 Bb5 18. Nxb5 axb5 19. Nb6 Ncxe4 20. Qb3 Rb8 21. Rac1 Qe7 22. Bxb5 Red8 23. Rc4 Nc5 24. Qc2 Ne8 25. b4 Na6 26. Rc1 Nf6 27. Bxa6 bxa6 28. Bg5 Bg7 29. Rc7 Qe8 30. Qc6 e4 31. Qxe8+ Rxe8 32. Bxf6 Bxf6 33. Nd7 Bg5 34. Nxb8 Bxc1 35. Nxa6 Bd2 36. Rc2 e3 37. fxe3 Bxe3+ 38. Kf1 Re4 39. g3 Rd4 40. Ke2 Bg1 41. Rc1 Bh2 42. Rd1 Rc4 43. Kd3 Rc8 44. b5 1-0

[Event "Tenerife-chT Preferente"]
[Site "Tenerife"]
[Date "2024.11.16"]
[Round "2.4"]
[White "Calvo Nobrega, Joaquin Manuel"]
[Black "Meneses Gonzalez, Kevin Moises"]
[Result "0-1"]
[WhiteElo "1720"]
[BlackElo "2273"]
[PlyCount "56"]
[EventDate "2024.11.09"]
[EventType "team-tourn"]
[EventRounds "14"]
[EventCountry "ESP"]
[SourceTitle "CB14_2025"]
[SourceDate "2024.11.01"]
[SourceVersion "1"]
[SourceVersionDate "2024.11.01"]
[SourceQuality "1"]
[WhiteTeam "Circulo de Amistad XII Enero"]
[BlackTeam "Ebano Barrio Nuevo"]
[WhiteTeamCountry "ESP"]
[BlackTeamCountry "ESP"]

1. e4 c5 2. Nf3 d6 3. Bb5+ Nd7 4. c3 Ngf6 5. Qe2 a6 6. Ba4 b5 7. Bc2 Bb7 8. 0-0 e5 9. d4 Be7 10. d5 0-0 11. Nbd2 c4 12. Rd1 Nc5 13. Nf1 Re8 14. Ng3 Bc8 15. h3 Bf8 16. Be3 Qc7 17. Nh4 g6 18. Qf3 Bg7 19. Bg5 Qe7 20. Qe3 a5 21. Bh6 b4 22. Bxg7 Kxg7 23. Qg5 Kh8 24. Re1 Nxd5 25. Qh6 Nf4 26. cxb4 axb4 27. Nf3 f5 28. Re3 b3 0-1

[Event "San Cristobal de La Laguna rapid op"]
[Site "San Cristobal de La Laguna"]
[Date "2024.09.01"]
[Round "7"]
[White "Rodriguez Ferraz, Borja"]
[Black "Meneses Gonzalez, Kevin Moises"]
[Result "0-1"]
[WhiteElo "2060"]
[BlackElo "2262"]
[PlyCount "76"]
[EventDate "2024.08.31"]
[EventType "swiss"]
[EventRounds "9"]
[EventCountry "ESP"]
[SourceTitle "EXT 2025"]
[Source "ChessBase"]
[SourceDate "2024.10.14"]
[SourceVersion "1"]
[SourceVersionDate "2024.10.14"]
[SourceQuality "1"]

1. Nf3 Nf6 2. b3 g6 3. Bb2 Bg7 4. e4 d6 5. d3 0-0 6. Be2 c5 7. 0-0 Nc6 8. Nbd2 e5 9. a4 d5 10. exd5 Nxd5 11. Nc4 Re8 12. Nfd2 f5 13. Bf3 Be6 14. Re1 Bf7 15. Nf1 Qd7 16. Nfe3 Nxe3 17. Rxe3 Nd4 18. Bxd4 cxd4 19. Re1 Re7 20. a5 Rae8 21. Ra4 e4 22. dxe4 fxe4 23. Bg4 Qc7 24. Na3 d3 25. cxd3 exd3 26. Rf1 Qc3 27. Nb5 Qxb3 28. Qxb3 Bxb3 29. Rb4 Bd5 30. Rbb1 a6 31. Nd6 Rd8 32. Nc8 Re5 33. Nb6 Bc6 34. Nc4 Rc5 35. Be6+ Kf8 36. Rbc1 Ba4 37. f4 d2 38. Nxd2 Rxd2 0-1

[Event "San Cristobal de La Laguna rapid op"]
[Site "San Cristobal de La Laguna"]
[Date "2024.08.31"]
[Round "1"]
[White "Oramas Hernandez, Tomas"]
[Black "Meneses Gonzalez, Kevin Moises"]
[Result "0-1"]
[WhiteElo "1618"]
[BlackElo "2262"]
[PlyCount "98"]
[EventDate "2024.08.31"]
[EventType "swiss"]
[EventRounds "9"]
[EventCountry "ESP"]
[SourceTitle "EXT 2025"]
[Source "ChessBase"]
[SourceDate "2024.10.14"]
[SourceVersion "1"]
[SourceVersionDate "2024.10.14"]
[SourceQuality "1"]

1. d4 Nf6 2. Nf3 g6 3. Nc3 d5 4. Bf4 Bg7 5. Nb5 Na6 6. e3 Ne4 7. Be2 c6 8. Nc3 Nxc3 9. bxc3 Nc7 10. c4 dxc4 11. Bxc4 Nd5 12. Bxd5 Qxd5 13. 0-0 0-0 14. h3 c5 15. c3 b6 16. a4 Bb7 17. a5 Qc4 18. Qd2 Bxf3 19. gxf3 Qd5 20. e4 Qd7 21. Kg2 cxd4 22. cxd4 Qxd4 23. Qxd4 Bxd4 24. Ra4 e5 25. Bd2 b5 26. Rb4 a6 27. Rc1 Rfc8 28. Rb3 Rxc1 29. Bxc1 Rc8 30. Bd2 Rc2 31. Be3 Rc3 32. Rxc3 Bxc3 33. Bb6 b4 34. Bc5 b3 35. Ba3 b2 36. Bxb2 Bxb2 37. Kf1 Bc3 38. Ke2 Bxa5 39. Kd3 Bb6 40. Kc4 Bxf2 41. Kb4 Be1+ 42. Ka4 f5 43. Kb3 Kf7 44. Kc4 Ke6 45. Kc5 a5 46. Kb5 fxe4 47. fxe4 Kf6 48. Kc4 Kg5 49. Kd5 Kf4 0-1

[Event "San Cristobal de La Laguna op-A 6th"]
[Site "San Cristobal de La Laguna"]
[Date "2024.08.27"]
[Round "5"]
[White "Meneses Gonzalez, Kevin Moises"]
[Black "Chitsazian, Daniel"]
[Result "0-1"]
[WhiteElo "2309"]
[BlackElo "2113"]
[PlyCount "148"]
[EventDate "2024.08.24"]
[EventType "swiss"]
[EventRounds "9"]
[EventCountry "ESP"]
[SourceTitle "CBM 221 Extra"]
[Source "ChessBase"]
[SourceDate "2024.09.30"]
[SourceVersion "1"]
[SourceVersionDate "2024.09.30"]
[SourceQuality "1"]

1. Nf3 d5 2. g3 Nd7 3. Bg2 e5 4. d3 Ngf6 5. 0-0 Bd6 6. c4 c6 7. cxd5 cxd5 8. Nc3 0-0 9. Bd2 a6 10. Nh4 d4 11. Na4 g6 12. b4 Rb8 13. Qc1 Qe7 14. Bh6 Rd8 15. Nf5 Qe6 16. Nxd6 Qxd6 17. Nc5 b6 18. Nxd7 Nxd7 19. f4 Bb7 20. Bxb7 Rxb7 21. fxe5 Nxe5 22. Bg5 Re8 23. Qf4 f5 24. a3 Rc7 25. Rac1 Rec8 26. Rxc7 Rxc7 27. Qd2 Rc3 28. Qa2+ Kg7 29. Bd2 Rc8 30. Bf4 Rc3 31. g4 fxg4 32. Bg5 h5 33. Rf6 Qd7 34. Rf1 Rc6 35. Qd2 Nf7 36. Qf4 Nxg5 37. Qxg5 Re6 38. Qf4 Re7 39. Qf8+ Kh7 40. Rf4 Qc7 41. Rf1 Qe5 42. Rf7+ Rxf7 43. Qxf7+ Kh6 44. Qf8+ Kg5 45. Qd8+ Qf6 46. Qd5+ Kh6 47. Qe4 b5 48. e3 dxe3 49. Qxe3+ Qg5 50. Qd4 Qc1+ 51. Kg2 Qd2+ 52. Kg1 Qe1+ 53. Kg2 Qe2+ 54. Kg1 Qd1+ 55. Kg2 Qf3+ 56. Kg1 Kg5 57. Qd8+ Kf4 58. Qd4+ Kg5 59. Qd8+ Qf6 60. Qd5+ Kh6 61. d4 h4 62. Qe4 Qf5 63. Qe3+ Kh5 64. Qd2 Qb1+ 65. Kf2 h3 66. d5 Qh1 67. Ke3 g3 68. hxg3 h2 69. Qe2+ Kh6 70. Qd2 Qg1+ 71. Ke4+ Kh7 72. Ke5 h1Q 73. Kd6 Qb6+ 74. Kd7 Qb7+ 0-1

[Event "San Cristobal de La Laguna op-A 6th"]
[Site "San Cristobal de La Laguna"]
[Date "2024.08.26"]
[Round "4"]
[White "Mamani Beltran, Daniel"]
[Black "Meneses Gonzalez, Kevin Moises"]
[Result "0-1"]
[WhiteElo "2061"]
[BlackElo "2309"]
[PlyCount "66"]
[EventDate "2024.08.24"]
[EventType "swiss"]
[EventRounds "9"]
[EventCountry "ESP"]
[SourceTitle "CBM 221 Extra"]
[Source "ChessBase"]
[SourceDate "2024.09.30"]
[SourceVersion "1"]
[SourceVersionDate "2024.09.30"]
[SourceQuality "1"]

1. e4 c5 2. Nc3 Nc6 3. Bb5 Nd4 4. Bc4 e6 5. Nge2 Nf6 6. 0-0 a6 7. a4 Nc6 8. d3 Be7 9. Ba2 0-0 10. Ng3 Rb8 11. f4 d5 12. f5 dxe4 13. fxe6 Bxe6 14. Bxe6 fxe6 15. Ncxe4 Qd4+ 16. Kh1 Nxe4 17. Rxf8+ Rxf8 18. Nxe4 c4 19. Bg5 Qxb2 20. Rb1 Qe5 21. Qg4 cxd3 22. cxd3 Bxg5 23. Nxg5 Nd4 24. h3 Rf4 25. Rc1 g6 26. Rc8+ Kg7 27. Qd1 Qxg5 28. Rc7+ Rf7 29. Rxf7+ Kxf7 30. Qb1 b5 31. Qb4 Qc1+ 32. Kh2 Qc7+ 33. Kh1 Ne2 0-1

[Event "ESP-chT CECLUB Div2"]
[Site "Linares"]
[Date "2024.08.16"]
[Round "7.18"]
[White "Meneses Gonzalez, Kevin Moises"]
[Black "Esquivias Quintero, Luis Manuel"]
[Result "1-0"]
[WhiteElo "2309"]
[BlackElo "2257"]
[PlyCount "69"]
[EventDate "2024.08.11"]
[EventType "team-swiss"]
[EventRounds "7"]
[EventCountry "ESP"]
[SourceTitle "CBM 221 Extra"]
[Source "ChessBase"]
[SourceDate "2024.09.30"]
[SourceVersion "1"]
[SourceVersionDate "2024.09.30"]
[SourceQuality "1"]
[WhiteTeam "Ebano Barrio Nuevo"]
[BlackTeam "Diagonal Alcorcon"]
[WhiteTeamCountry "ESP"]
[BlackTeamCountry "ESP"]

1. e4 c5 2. Nf3 d6 3. d4 cxd4 4. Nxd4 Nf6 5. Nc3 Nc6 6. Bg5 Bd7 7. Qd2 a6 8. 0-0-0 e6 9. f3 Nxd4 10. Qxd4 Be7 11. Kb1 Qc7 12. h4 h6 13. Be3 h5 14. Bg5 b5 15. Qd2 Bc6 16. Ne2 0-0 17. Nf4 d5 18. exd5 Rfd8 19. Bxf6 Bxf6 20. Nxh5 Be5 21. Qg5 Bxd5 22. Bd3 Rac8 23. Rhe1 Bxa2+ 24. Kxa2 Rxd3 25. Rxd3 Qa5+ 26. Ra3 Qxe1 27. f4 Bd4 28. c3 Rc5 29. Nf6+ Bxf6 30. Qxc5 Qxh4 31. Rxa6 Kh7 32. Qxb5 Qxf4 33. Qh5+ Qh6 34. Qxf7 Qd2 35. Qh5+ 1-0

[Event "La Palma Island op"]
[Site "Santa Cruz de La Palma"]
[Date "2024.08.07"]
[Round "8"]
[White "Meneses Gonzalez, Kevin Moises"]
[Black "Perez Perez, Gabriel"]
[Result "1-0"]
[WhiteElo "2309"]
[BlackElo "2170"]
[PlyCount "121"]
[EventDate "2024.08.02"]
[EventType "swiss"]
[EventRounds "10"]
[EventCountry "ESP"]
[SourceTitle "CBM 221 Extra"]
[Source "ChessBase"]
[SourceDate "2024.09.30"]
[SourceVersion "1"]
[SourceVersionDate "2024.09.30"]
[SourceQuality "1"]

1. e4 c5 2. Nf3 d6 3. d4 cxd4 4. Nxd4 Nf6 5. Nc3 a6 6. g3 e5 7. Nb3 Be6 8. Bg2 Be7 9. 0-0 0-0 10. a4 Nbd7 11. a5 Qc7 12. h3 Rfc8 13. Be3 h6 14. Re1 b5 15. axb6 Nxb6 16. Na5 Rab8 17. Qc1 Nc4 18. Nxc4 Bxc4 19. Rd1 Qb7 20. Qd2 Be6 21. Rdb1 Bd7 22. Qd3 Ra8 23. Ra2 a5 24. Rba1 a4 25. Nxa4 Bxa4 26. Rxa4 Rxa4 27. Rxa4 Qxb2 28. Rc4 Rxc4 29. Qxc4 Qb7 30. c3 Bd8 31. Qb4 Qc6 32. Bf3 Nd7 33. Bg4 Nc5 34. Qb8 Qc7 35. Qa8 Kh7 36. Bxc5 dxc5 37. h4 Qe7 38. h5 Kg8 39. Kg2 Kf8 40. Be2 Qd6 41. Bc4 Ke7 42. Qa2 f6 43. Bg8 Kd7 44. Qc4 Bb6 45. Bh7 Qe7 46. Bf5+ Kc7 47. Kh3 Qe8 48. Bg6 Qd7+ 49. Bf5 Qe8 50. Kg4 Kb8 51. Kh4 Kc7 52. Be6 Ba7 53. Bd5 Bb6 54. Qa6 Qc8 55. Qc4 f5 56. Be6 Qd8+ 57. Kh3 f4 58. Bf5 Qf6 59. Qg8 fxg3 60. Qc8+ Kd6 61. Qd7# 1-0

[Event "San Cristobal de La Laguna op 5th"]
[Site "San Cristobal de La Laguna"]
[Date "2023.09.01"]
[Round "8"]
[White "Fernandez Vazquez, Jorge"]
[Black "Meneses Gonzalez, Kevin Moises"]
[Result "1/2-1/2"]
[WhiteElo "1950"]
[BlackElo "2242"]
[PlyCount "185"]
[EventDate "2023.08.26"]
[EventType "swiss"]
[EventRounds "9"]
[EventCountry "ESP"]
[SourceTitle "CBM 216 Extra"]
[Source "ChessBase"]
[SourceDate "2023.11.30"]
[SourceVersion "1"]
[SourceVersionDate "2023.11.30"]
[SourceQuality "1"]

1. c4 Nf6 2. g3 g6 3. Bg2 Bg7 4. Nc3 0-0 5. d4 d6 6. h3 e5 7. Nf3 Nbd7 8. e4 exd4 9. Nxd4 a6 10. 0-0 Rb8 11. Qc2 c5 12. Nf3 b5 13. cxb5 axb5 14. a4 b4 15. Nb5 Ba6 16. Rd1 Bxb5 17. axb5 Ne8 18. Bf4 Qc7 19. Bf1 Nb6 20. Nd2 Be5 21. Be3 Ng7 22. Nc4 Nxc4 23. Bxc4 Ne6 24. Ra6 Nd4 25. Bxd4 Bxd4 26. Kg2 Kh8 27. Bd3 f5 28. exf5 gxf5 29. Be2 Qb7+ 30. Bf3 Qxb5 31. Rxd6 Rb6 32. Rd5 b3 33. Qc1 Qe8 34. Qc4 Rb4 35. Qc1 f4 36. g4 Qg6 37. Rxc5 Bxc5 38. Qxc5 Rbb8 39. Rd7 Rbe8 40. Rb7 Qe6 41. Qd4+ Qf6 42. Qd3 Re7 43. Rxb3 Qg6 44. Qc3+ Qg7 45. Qc5 Qe5 46. Qb6 Rf6 47. Qd8+ Re8 48. Qd3 Rd6 49. Qc2 Rd7 50. Rc3 Red8 51. Rc5 Qg7 52. b4 Rd2 53. Qc3 Qxc3 54. Rxc3 Rb2 55. Rc4 Rdd2 56. Rxf4 Rxf2+ 57. Kg3 Rfd2 58. Bc6 Rd3+ 59. Kh4 Rh2 60. b5 Rhxh3+ 61. Kg5 Rd6 62. Rb4 Rc3 63. Be8 Rc5+ 64. Kf4 Rd8 65. Bc6 Kg7 66. Be4 Rf8+ 67. Ke3 Kf6 68. Bxh7 Rb8 69. b6 Ke5 70. Be4 Rc3+ 71. Kd2 Rg3 72. Bf5 Kd5 73. b7 Ke5 74. Ke2 Rc3 75. Be4 Rg3 76. g5 Rg4 77. g6 Rf4 78. Ke3 Rg4 79. Rb5+ Kd6 80. Kf3 Rg1 81. Rb6+ Ke5 82. Rb5+ Kd6 83. Kf2 Rg4 84. Ke3 Rg1 85. Bf5 Kc6 86. Rb2 Kd6 87. Kf4 Kc7 88. Bg4 Rf1+ 89. Kg5 Rff8 90. Be6 Rxb7 91. Rxb7+ Kxb7 92. g7 Rb8 93. Kf6 1/2-1/2

[Event "San Cristobal de La Laguna op 5th"]
[Site "San Cristobal de La Laguna"]
[Date "2023.08.28"]
[Round "4"]
[White "Meneses Gonzalez, Kevin Moises"]
[Black "Kurajica, Bojan"]
[Result "1-0"]
[WhiteElo "2242"]
[BlackElo "2474"]
[PlyCount "61"]
[EventDate "2023.08.26"]
[EventType "swiss"]
[EventRounds "9"]
[EventCountry "ESP"]
[SourceTitle "CBM 216 Extra"]
[Source "ChessBase"]
[SourceDate "2023.11.30"]
[SourceVersion "1"]
[SourceVersionDate "2023.11.30"]
[SourceQuality "1"]

1. e4 c5 2. Nf3 a6 3. c3 d6 4. d4 Qc7 5. Bd3 g6 6. h3 Bg7 7. 0-0 Nd7 8. Re1 e5 9. dxe5 dxe5 10. c4 Ne7 11. Nc3 0-0 12. Bg5 f6 13. Be3 b6 14. Nd5 Qd6 15. h4 h5 16. a3 Nc6 17. b4 Nd4 18. Rb1 Ne6 19. Nh2 Nd4 20. Kh1 f5 21. bxc5 bxc5 22. Bxd4 cxd4 23. exf5 gxf5 24. Qxh5 Nc5 25. Rb6 Qxb6 26. Nxb6 Nxd3 27. Nf3 Nxe1 28. Ng5 Rf6 29. Nd5 Ra7 30. Qh7+ Kf8 31. Nxf6 1-0

[Event "La Palma Island op"]
[Site "Santa Cruz de La Palma"]
[Date "2023.08.11"]
[Round "9"]
[White "Ramiro Ovejero, Juan Luis"]
[Black "Meneses Gonzalez, Kevin Moises"]
[Result "1/2-1/2"]
[WhiteElo "2309"]
[BlackElo "2242"]
[PlyCount "39"]
[EventDate "2023.08.05"]
[EventType "swiss"]
[EventRounds "9"]
[EventCountry "ESP"]
[SourceTitle "CBM 215 Extra"]
[Source "ChessBase"]
[SourceDate "2023.09.30"]
[SourceVersion "1"]
[SourceVersionDate "2023.09.30"]
[SourceQuality "1"]

1. e4 c5 2. Nf3 d6 3. Bb5+ Nd7 4. d4 cxd4 5. Qxd4 a6 6. Bxd7+ Bxd7 7. c4 Rc8 8. Nc3 e5 9. Qd3 Qc7 10. Nd2 Nf6 11. a4 Be7 12. b3 b5 13. 0-0 b4 14. Nd5 Nxd5 15. cxd5 Qc3 16. Qb1 a5 17. Nc4 Rxc4 18. bxc4 Qxc4 19. Be3 Qa6 20. Rc1 1/2-1/2

[Event "La Palma Island op"]
[Site "Santa Cruz de La Palma"]
[Date "2023.08.10"]
[Round "8"]
[White "Meneses Gonzalez, Kevin Moises"]
[Black "Del Rey, Diego"]
[Result "1-0"]
[WhiteElo "2242"]
[BlackElo "2327"]
[PlyCount "74"]
[EventDate "2023.08.05"]
[EventType "swiss"]
[EventRounds "9"]
[EventCountry "ESP"]
[SourceTitle "CBM 215 Extra"]
[Source "ChessBase"]
[SourceDate "2023.09.30"]
[SourceVersion "1"]
[SourceVersionDate "2023.09.30"]
[SourceQuality "1"]

1. e4 e6 2. d4 d5 3. Nc3 Nf6 4. Bg5 Bb4 5. e5 h6 6. Bc1 Ne4 7. Qg4 g6 8. Nge2 c5 9. a3 Bxc3+ 10. bxc3 cxd4 11. cxd4 Qa5+ 12. c3 Nc6 13. Be3 Ne7 14. Qh3 f6 15. exf6 e5 16. g4 Nc6 17. Rc1 Nxf6 18. dxe5 Nxg4 19. Nd4 Nxd4 20. Bxd4 Bf5 21. Qg3 h5 22. Bd3 0-0-0 23. Bxf5+ gxf5 24. h3 Nh6 25. Qg6 Qc7 26. f4 Kb8 27. Kf2 Qc4 28. Ke3 Ka8 29. Rhg1 Qc7 30. Rb1 Rde8 31. Kd2 b6 32. a4 Qd7 33. a5 b5 34. Qa6 Rb8 35. Rg6 Nf7 36. e6 Qc7 37. exf7 Qxf4+ 1-0

[Event "La Palma Island op"]
[Site "Santa Cruz de La Palma"]
[Date "2023.08.09"]
[Round "7"]
[White "Sosa Suarez, Carla Cristina"]
[Black "Meneses Gonzalez, Kevin Moises"]
[Result "0-1"]
[WhiteElo "1956"]
[BlackElo "2242"]
[PlyCount "72"]
[EventDate "2023.08.05"]
[EventType "swiss"]
[EventRounds "9"]
[EventCountry "ESP"]
[SourceTitle "CBM 215 Extra"]
[Source "ChessBase"]
[SourceDate "2023.09.30"]
[SourceVersion "1"]
[SourceVersionDate "2023.09.30"]
[SourceQuality "1"]

1. e4 c5 2. Nf3 d6 3. d4 cxd4 4. Nxd4 Nf6 5. Nc3 a6 6. Bg5 e6 7. f4 Nbd7 8. Qf3 Be7 9. 0-0-0 Qc7 10. Bd3 h6 11. Bh4 g5 12. fxg5 Ne5 13. Qe2 Nfg4 14. Nf3 hxg5 15. Bg3 Nxf3 16. gxf3 Ne5 17. Qf2 b5 18. h4 gxh4 19. Bxh4 Nxd3+ 20. cxd3 Bxh4 21. Rxh4 Rxh4 22. Qxh4 b4 23. Qh8+ Kd7 24. Kb1 bxc3 25. Rc1 Qd8 26. Qg7 Qe7 27. Rxc3 Bb7 28. Qd4 Rc8 29. Qa4+ Kd8 30. Rb3 Rc6 31. Qd4 Rc5 32. Rb6 Rc6 33. Rb3 Bc8 34. Qh8+ Kc7 35. Qd4 e5 36. Qa7+ Kd8 0-1